000
00195nam a2200085 4500
001
1257509
005
20260213151152.0
245
_a
DÖRT KARDEŞTİLER
_c
GÜLTEN DAYIOĞLU
260
_b
ALTIN KİTAPLAR
999
_c
1257509
_d
1257509